000 00535nam a2200205Ia 4500
005 20250923145928.0
008 008 250917s9999 xx 000 0 eng d
037 _aTextual
040 _aDSWL
_beng
_cDSWL
041 _aeng
_2eng
084 _qDSWL
100 _aJoshi, Sandhya
_9840411
245 0 _aChild survival, health and work intervention
_c by Sandhya Joshi
260 _aNew Delhi
_bConcept
_c1996
300 _a250p.
365 _aINR
_b215.00
925 _g215.00
942 _cTEXL
999 _c1457483
_d1457483